| 000 | 00907nam a22002777a 4500 | ||
|---|---|---|---|
| 001 | 000388 | ||
| 003 | DO-SdBNP | ||
| 005 | 20180213141539.0 | ||
| 007 | 000388 | ||
| 008 | 160715b 2009 spa ||||| |||| 00| 0 spa d | ||
| 020 | _a9788466785044 | ||
| 040 |
_aBPMSU _bspa _cBPMSU |
||
| 092 |
_axxxxx _bxxxxx |
||
| 100 | 1 |
_aMatilla, Luis, _d1938- |
|
| 245 | 1 | 0 |
_aEl último curso / _cLuis Matilla ; ilustraciones de Mercè López |
| 260 |
_aMadrid : _bAnaya : _bEdiciones Autor, _c2009. |
||
| 300 |
_a125 p. : _bil. ; _c20 cm. |
||
| 490 | 1 |
_aSopa de libros. _aTeatro _v15 |
|
| 500 | _aIncluye datos del autor en la solapa de la cubierta. | ||
| 586 | _aPrimer Premio SGAE de Teatro Infantil y Juvenil, 2008. | ||
| 700 | 1 | 0 |
_aLópez, Mercè, _d1979- _eil. |
| 830 | 0 |
_aSopa de libros. _pTeatro ; _v15 |
|
| 942 |
_2ddc _cBK |
||
| 945 | _aInventariado, 2018/ YL | ||
| 956 |
_2LOPEREZ _310 _620160715 _8BPMSU _a00041 |
||
| 999 |
_c10899 _d10899 |
||